Statistiques concernant Coupe du monde de football : Classement général

Cliquez ici pour prendre le quiz!

Statistiques générales

  • Ce quiz a été pris 7 407 fois
  • Le résultat moyen est 17 sur 24

Statistiques - réponses

ClassementPaysVainqueurFinalisteTroisièmeQuatrième% Correct
1erBrésil5222
99%
6eFrance1121
99%
2eAllemagne4441
98%
4eArgentine23--
98%
3eItalie4211
96%
8eEspagne1--1
95%
7eAngleterre1--1
93%
5eUruguay2--3
91%
9ePays-Bas-311
85%
15ePortugal--11
85%
21eBelgique---1
80%
24eUnion soviétique---1
78%
18eCroatie--1-
77%
12eSuède-121
70%
16eEtats-Unis--1-
62%
17eChili--1-
57%
10eHongrie-2--
55%
13ePologne--2-
55%
22eCorée du Sud---1
50%
11eTchécoslovaquie-2--
47%
19eTurquie--1-
45%
20eYougoslavie---2
41%
14eAutriche--11
39%
23eBulgarie---1
29%

Distribution des résultats

Percentile par nombre de réponses

% des personnes avec chaque résultat

Votre développement - résultats

Vous n’avez pas pris ce quiz